[Event "Dortmund"]
[Site "Dortmund"]
[Date "1978.??.??"]
[Round "8"]
[White "Andersson, Ulf"]
[Black "Gipslis, Aivars"]
[Result "1/2-1/2"]
[WhiteElo "2545"]
[BlackElo "2525"]

1.Nf3 Nf6 2.c4 c5 3.g3 b6 4.Bg2 Bb7 5.O-O e6 6.Nc3 Be7 7.b3 O-O 8.d4 cxd4
9.Qxd4 d6 10.Ba3 d5 11.Bxe7 Qxe7 12.cxd5 Nxd5 13.Rfd1 Nxc3 14.Qxc3 Nc6 15.Nd4 Nxd4
16.Rxd4 Rac8 17.Qd3 Rfd8 18.Rd1 Rxd4 19.Qxd4 Bxg2 20.Kxg2 h6 21.a4 Qc7 22.Qe4 Rd8
23.Rxd8+ Qxd8 24.b4 a5 25.b5 Kf8 26.Kf3 Qd6 27.Qc4  1/2-1/2

[Event "Niksic"]
[Site "Niksic"]
[Date "1978.??.??"]
[Round "3"]
[White "Gulko, Boris F"]
[Black "Andersson, Ulf"]
[Result "1/2-1/2"]
[WhiteElo "2565"]
[BlackElo "2545"]

1.d4 Nf6 2.c4 e6 3.Nf3 b6 4.g3 Bb7 5.Bg2 Be7 6.Nc3 Ne4 7.Qc2 Nxc3 8.Qxc3 O-O
9.O-O c5 10.Rd1 cxd4 11.Qxd4 Bf6 12.Qd6 Nc6 13.Rb1 Na5 14.Nd2 Be7  1/2-1/2

[Event "Niksic"]
[Site "Niksic"]
[Date "1978.??.??"]
[Round "5"]
[White "Ivanovic, Bozidar"]
[Black "Andersson, Ulf"]
[Result "1-0"]
[WhiteElo "2460"]
[BlackElo "2545"]

1.e4 e6 2.d4 d5 3.Nd2 Nf6 4.e5 Nfd7 5.Bd3 c5 6.c3 b6 7.Nh3 Ba6 8.Bxa6 Nxa6
9.O-O Nc7 10.Re1 h6 11.Nf4 Qc8 12.c4 Qb7 13.dxc5 Bxc5 14.cxd5 Nxd5 15.Ne4 O-O-O
16.Qe2 Kb8 17.Nxd5 exd5 18.Nd6 Bxd6 19.exd6 Nc5 20.Bf4 Ka8 21.Rac1 Rd7 22.Red1 g5
23.Bg3 Ne4 24.Qd3 Nxg3 25.Qxg3 Rhd8 26.Rc7 Qa6 27.Rxd7 Rxd7 28.Qe5 Qc8 29.Qxd5+ Kb8
30.b4 a6 31.g3 Qc3 32.Rd4 Qc1+ 33.Kg2 Qc8 34.Rc4 Qb7 35.Rc6 Ka7 36.a4 g4
37.b5 axb5 38.axb5 Kb8 39.h3 h5 40.Kh2  1-0

[Event "Niksic"]
[Site "Niksic"]
[Date "1978.??.??"]
[Round "6"]
[White "Andersson, Ulf"]
[Black "Vaganian, Rafael A"]
[Result "1/2-1/2"]
[WhiteElo "2545"]
[BlackElo "2555"]

1.c4 Nf6 2.Nf3 e6 3.g3 d5 4.Bg2 dxc4 5.Qa4+ Nbd7 6.Qxc4 c5 7.O-O b6 8.Nc3 Bb7
9.Rd1 Rc8 10.d4 a6 11.dxc5 Bxc5 12.Qf4 Qe7 13.Be3 Bb4 14.Ne5 Bxg2 15.Nxd7 Nxd7
16.Kxg2 Nf6 17.Bd4 Qb7+ 18.Kg1 Be7 19.Bxf6 Bxf6 20.Ne4 Be7 21.Nd6+ Bxd6 22.Qxd6 Qc6
23.a4 Qxd6 24.Rxd6 Rb8 25.Rc1 Ke7 26.Rcc6 b5 27.Rxa6 bxa4 28.Rd4 g5  1/2-1/2

[Event "Niksic"]
[Site "Niksic"]
[Date "1978.??.??"]
[Round "7"]
[White "Gligoric, Svetozar"]
[Black "Andersson, Ulf"]
[Result "1-0"]
[WhiteElo "2565"]
[BlackElo "2545"]

1.d4 Nf6 2.c4 e6 3.Nc3 Bb4 4.e3 c5 5.Bd3 Nc6 6.Nf3 Bxc3+ 7.bxc3 d6 8.O-O e5
9.Nd2 O-O 10.d5 Ne7 11.e4 Ne8 12.Qc2 Ng6 13.g3 Bh3 14.Re1 Qd7 15.Nf1 f5 16.exf5 Bxf5
17.Bxf5 Rxf5 18.Be3 Nf6 19.Nd2 Re8 20.f3 e4 21.fxe4 Rfe5 22.Bf2 Qh3 23.Nf3 Ng4
24.Bd4 cxd4 25.cxd4 Rh5 26.Qg2 Qxg2+ 27.Kxg2 Nf6 28.Nd2 Rh6 29.a4 Nd7 30.a5 Ngf8
31.Nf3 Rf6 32.Ra3 Ng6 33.h4 h5 34.Rae3 Rc8 35.e5 dxe5 36.dxe5 Ra6 37.e6 Nf6
38.e7 Ne8 39.Re6 Rxe6 40.Rxe6 Nh8 41.d6 Nxd6 42.Rxd6 Re8 43.Rd7 Ng6 44.Rxb7 Rxe7
45.a6 Kf7 46.Nd4 Kf6 47.c5 Re4 48.Rd7 Nf8  1-0

[Event "Niksic"]
[Site "Niksic"]
[Date "1978.??.??"]
[Round "9"]
[White "Andersson, Ulf"]
[Black "Timman, Jan H"]
[Result "1/2-1/2"]
[WhiteElo "2545"]
[BlackElo "2585"]

1.c4 c5 2.Nf3 Nf6 3.d4 cxd4 4.Nxd4 e6 5.e3 Nc6 6.Be2 Nxd4 7.exd4 d5 8.Nc3 Be7
9.O-O O-O 10.Bf4 Bd7 11.cxd5 Nxd5 12.Nxd5 exd5 13.Qb3 Bc6 14.Bb5 Qb6  1/2-1/2

[Event "Niksic"]
[Site "Niksic"]
[Date "1978.??.??"]
[Round "11"]
[White "Andersson, Ulf"]
[Black "Uhlmann, Wolfgang"]
[Result "1-0"]
[WhiteElo "2545"]
[BlackElo "2575"]

1.Nf3 g6 2.e4 d6 3.d4 Nf6 4.Nc3 Bg7 5.Be2 O-O 6.O-O c6 7.Re1 Bg4 8.Bg5 Qa5
9.Qd2 Nbd7 10.Rad1 e5 11.d5 c5 12.a4 a6 13.h3 Bxf3 14.Bxf3 b5 15.axb5 axb5
16.Rb1 c4 17.b4 cxb3 18.Rxb3 Rab8 19.Rb2 h6 20.Be3 Nc5 21.Bxc5 dxc5 22.Reb1 b4
23.Nd1 Rfd8 24.Ne3 Ne8 25.Nc4 Qa4 26.Qe1 Nd6 27.Nxd6 Rxd6 28.Ra1 Qe8 29.Ra5 Qc8
30.Be2 Qc7 31.Ra4 Rdd8 32.Bc4 Ra8 33.Rba2 Rxa4 34.Rxa4 Bf8 35.Qa1 Rb8 36.Ra7 Qb6
37.d6 Bxd6 38.Rxf7 Kh8 39.Qd1 Rd8 40.Qf3  1-0

[Event "Rubinstein mem"]
[Site "Polanica Zdroj"]
[Date "1978.??.??"]
[Round "1"]
[White "Andersson, Ulf"]
[Black "Boensch, Uwe"]
[Result "1/2-1/2"]
[WhiteElo "2545"]
[BlackElo "2490"]

1.Nf3 Nf6 2.c4 c5 3.d4 cxd4 4.Nxd4 e6 5.Nc3 a6 6.e3 Qc7 7.Be2 b6 8.O-O Bb7
9.Bd2 Be7 10.Rc1 O-O 11.a3 d6 12.Qc2 Re8 13.Rfd1 Nbd7 14.b3 Qb8 15.Qa2 Ne5
16.Be1 Ra7 17.a4  1/2-1/2

[Event "Rubinstein mem"]
[Site "Polanica Zdroj"]
[Date "1978.??.??"]
[Round "3"]
[White "Andersson, Ulf"]
[Black "Dorfman, Josif D"]
[Result "1/2-1/2"]
[WhiteElo "2545"]
[BlackElo "2550"]

1.c4 Nf6 2.Nf3 g6 3.g3 Bg7 4.Bg2 O-O 5.O-O d5 6.d4 dxc4 7.Na3 c3 8.bxc3 c5
9.Nc4 Nc6 10.Nfe5 Nd5  1/2-1/2

[Event "Rubinstein mem"]
[Site "Polanica Zdroj"]
[Date "1978.??.??"]
[Round "4"]
[White "Kuligowski, Adam"]
[Black "Andersson, Ulf"]
[Result "1-0"]
[WhiteElo "2310"]
[BlackElo "2545"]

1.d4 Nf6 2.Nf3 e6 3.g3 b6 4.Bg2 Bb7 5.c4 Be7 6.O-O O-O 7.Nc3 Ne4 8.Nxe4 Bxe4
9.Nh4 Bxg2 10.Nxg2 d6 11.e4 Bf6 12.d5 Re8 13.f3 c6 14.Rb1 exd5 15.cxd5 c5
16.Bd2 Nd7 17.Bc3 b5 18.Ne3 Rc8 19.Qd2 Bg5 20.b3 Bf6 21.Nf5 Bxc3 22.Qxc3 Nf6
23.g4 Re5 24.Rbe1 b4 25.Qd3 g6 26.Ne3 h5 27.Nc4 Re8 28.g5 Nd7 29.Nxd6 Ne5
30.Qa6 Qxg5+ 31.Kh1 Qf6 32.f4 Ng4 33.e5 Qh4 34.Qe2 Qd8 35.Qg2 Re7 36.Nxc8 Qxc8
37.e6 Qd8 38.f5 gxf5 39.Rxf5 fxe6 40.Rg5+ Rg7 41.Rxg7+ Kxg7 42.dxe6 Qh4 43.Rf1  1-0

[Event "Rubinstein mem"]
[Site "Polanica Zdroj"]
[Date "1978.??.??"]
[Round "5"]
[White "Andersson, Ulf"]
[Black "Diesen, Mark C"]
[Result "1/2-1/2"]
[WhiteElo "2545"]
[BlackElo "2220"]

1.Nf3 Nf6 2.c4 c5 3.Nc3 d5 4.cxd5 Nxd5 5.e3 Nxc3 6.dxc3 Qxd1+ 7.Kxd1 Nc6
8.e4 Bg4 9.Be3 e6 10.Be2 Be7 11.Nd2 Bxe2+ 12.Kxe2 O-O-O 13.Nc4 f5 14.a4 b6
15.Ra3 Kb7 16.a5 b5 17.a6+ Kc7 18.Bf4+ e5 19.Nxe5 g5 20.Nxc6+ Kxc6 21.Bd2 fxe4
22.c4 bxc4 23.Rc1 Rd3 24.Ra4 Rhd8  1/2-1/2

[Event "Rubinstein mem"]
[Site "Polanica Zdroj"]
[Date "1978.??.??"]
[Round "6"]
[White "Bednarski, Jacek B"]
[Black "Andersson, Ulf"]
[Result "0-1"]
[WhiteElo "2365"]
[BlackElo "2545"]

1.e4 c5 2.Nf3 e6 3.d4 cxd4 4.Nxd4 a6 5.c4 Nf6 6.Nc3 d6 7.Bd3 g6 8.Bc2 Bg7
9.Ba4+ Bd7 10.Nf3 Bxa4 11.Qxa4+ Nc6 12.O-O Nd7 13.Rd1 Nb6 14.Qb3 Na5 15.Qb4 Nbxc4
16.e5 Nxe5 17.Nxe5 Bxe5 18.Bh6 Qc7 19.Rac1 Nc6 20.Qa4 d5 21.Qh4 Qe7 22.Qh3 f6
23.Re1 Kf7 24.Rcd1 Rad8 25.Kh1 Rhe8 26.Bf4 Kg8 27.Bxe5 fxe5 28.Rd2 Qf6 29.Nd1 e4
30.Ne3 Ne5 31.Rf1 Qf4 32.Re2 Rc8 33.f3 exf3 34.gxf3 Nf7 35.Ng4 Kg7 36.Rfe1 Rc1
37.Rxc1 Qxc1+ 38.Kg2 Qg5 39.Kh1 Rc8 40.Re1 Rc1  0-1

[Event "Rubinstein mem"]
[Site "Polanica Zdroj"]
[Date "1978.??.??"]
[Round "7"]
[White "Andersson, Ulf"]
[Black "Garcia Martinez, Silvino"]
[Result "1-0"]
[WhiteElo "2545"]
[BlackElo "2435"]

1.c4 Nf6 2.Nf3 e6 3.d4 b6 4.g3 Bb7 5.Bg2 Be7 6.Nc3 Ne4 7.Bd2 Nxd2 8.Qxd2 d5
9.cxd5 exd5 10.Ne5 O-O 11.O-O Na6 12.Rac1 c6 13.a3 Re8 14.b4 Nc7 15.e3 Bd6
16.Nd3 Re6 17.a4 a5 18.bxa5 Rxa5 19.Rb1 Ne8 20.Rfe1 Bc7 21.Qc2 Rh6 22.Ne5 Re6
23.Qb3 Re7 24.Rec1 f6 25.Nd3 Kh8 26.Nb4 Nd6 27.Rc2 Qe8 28.Rbc1 Nc4 29.e4 Ra7
30.exd5 Re1+ 31.Rxe1 Qxe1+ 32.Bf1 Nd2 33.Rxd2 Qxd2 34.dxc6 Bc8 35.Nb5 Qc1
36.Nxa7 Bh3 37.Qc4 Qe1 38.Nc2 Qc1 39.Ne3  1-0

[Event "Rubinstein mem"]
[Site "Polanica Zdroj"]
[Date "1978.??.??"]
[Round "8"]
[White "Knezevic, Milorad"]
[Black "Andersson, Ulf"]
[Result "1/2-1/2"]
[WhiteElo "2505"]
[BlackElo "2545"]

1.d4 Nf6 2.c4 e6 3.Nc3 Bb4 4.Qc2 c5 5.dxc5 O-O 6.Nf3 Na6 7.e3 Nxc5 8.Bd2 d6
9.Be2 b6 10.O-O Bb7 11.Rfd1  1/2-1/2

[Event "Rubinstein mem"]
[Site "Polanica Zdroj"]
[Date "1978.??.??"]
[Round "10"]
[White "Andersson, Ulf"]
[Black "Tseitlin, Mikhail S"]
[Result "1-0"]
[WhiteElo "2545"]
[BlackElo "2480"]

1.c4 Nf6 2.Nc3 c5 3.g3 d5 4.cxd5 Nxd5 5.Bg2 Nc7 6.d3 e5 7.a3 Be7 8.Nf3 Nc6
9.O-O O-O 10.Rb1 Bf5 11.Be3 Rc8 12.b4 cxb4 13.axb4 b5 14.Qd2 Re8 15.Rfc1 a6
16.Nh4 Bd7 17.Nf5 Bf8 18.Ne4 Bxf5 19.Rxc6 Bd7 20.Rb6 Re6 21.h4 h6 22.Rxe6 Nxe6
23.Qa2 Nd4 24.Bxd4 exd4 25.Qxa6 Rc2 26.Bf3 Qc7 27.Qa3 Bc6 28.Qb3 Bxe4 29.dxe4 Qc4
30.e5 Rc1+ 31.Kg2 Rxb1 32.Qxb1 Bxb4 33.h5 Bf8 34.Qf5 Qe6 35.Qe4 Qc4 36.Qf5 Qe6
37.Qe4 Qc4 38.Qb7 Qb4 39.Bd5 Qe7 40.Qxb5 Qc5 41.Qb3 Qc7 42.Qf3  1-0

[Event "Rubinstein mem"]
[Site "Polanica Zdroj"]
[Date "1978.??.??"]
[Round "11"]
[White "Sznapik, Aleksander"]
[Black "Andersson, Ulf"]
[Result "0-1"]
[WhiteElo "2430"]
[BlackElo "2545"]

1.e4 c5 2.Nf3 a6 3.Nc3 b5 4.d4 cxd4 5.Nxd4 b4 6.Nd5 e6 7.Bc4 exd5 8.Bxd5 Ra7
9.O-O Nf6 10.Bg5 d6 11.Bxf6 Qxf6 12.f4 Qd8 13.a3 Be7 14.axb4 O-O 15.c3 Qb6
16.Kh1 Bf6 17.Nf3 Re8 18.Qb3 Be6 19.e5 dxe5 20.fxe5 Bxd5 21.Qxd5 Rd7 22.Qc4 Bd8
23.Rae1 Qc6 24.Qf4 Bc7 25.Nd4 Qd5 26.Qg4 Rxe5 27.Nf5 g6 28.Rd1 Rxf5  0-1

[Event "Rubinstein mem"]
[Site "Polanica Zdroj"]
[Date "1978.??.??"]
[Round "12"]
[White "Andersson, Ulf"]
[Black "Swic, Waldemar"]
[Result "1-0"]
[WhiteElo "2545"]
[BlackElo "2430"]

1.c4 Nf6 2.Nc3 g6 3.g3 Bg7 4.Bg2 O-O 5.e3 c6 6.Nge2 d5 7.cxd5 cxd5 8.d4 Nc6
9.O-O e6 10.b3 Re8 11.Ba3 Qa5 12.Bb2 Bd7 13.Nf4 Rac8 14.Nd3 b6 15.Re1 Ne7
16.Rc1 Nf5 17.Ne5 Nd6 18.Re2 b5 19.Rec2 b4 20.Nxd7 Nxd7 21.Na4 Rxc2 22.Rxc2 Rc8
23.a3 Bf8 24.Bf1 Rxc2 25.Qxc2 Nb6 26.axb4 Qxb4 27.Bc3 Qa3 28.Nc5 a5 29.Bb2 Qa2
30.Bd3 Ne4 31.Qc1  1-0

[Event "Rubinstein mem"]
[Site "Polanica Zdroj"]
[Date "1978.??.??"]
[Round "13"]
[White "Ghinda, Mihail Viorel"]
[Black "Andersson, Ulf"]
[Result "1/2-1/2"]
[WhiteElo "2445"]
[BlackElo "2545"]

1.e4 c6 2.Nc3 d5 3.Nf3 dxe4 4.Nxe4 Nf6 5.Nxf6+ exf6 6.Bc4 Qe7+ 7.Qe2 Nd7
8.O-O Qxe2 9.Bxe2 Bd6 10.d4 O-O 11.Bd2 Re8 12.Rfe1 Nf8 13.Bd3 Bg4 14.Rxe8 Rxe8
15.Re1 Rxe1+ 16.Nxe1 Ne6  1/2-1/2

[Event "Rubinstein mem"]
[Site "Polanica Zdroj"]
[Date "1978.??.??"]
[Round "14"]
[White "Andersson, Ulf"]
[Black "Farago, Ivan"]
[Result "1/2-1/2"]
[WhiteElo "2545"]
[BlackElo "2510"]

1.c4 Nf6 2.Nc3 c5 3.g3 Nc6 4.Bg2 e6 5.Nf3 d5 6.cxd5 Nxd5 7.O-O Be7 8.d4 O-O
9.Nxd5 exd5 10.Be3 c4 11.Ne5 Bf5 12.Nxc6 bxc6 13.Qc1 Qa5 14.Bd2 Bb4 15.Bxb4 Qxb4
16.Rd1 Rab8 17.Rd2 Rb6 18.f3 Re8 19.Kf2 h6 20.Qc3 Qxc3 21.bxc3 Bb1 22.e4 dxe4
23.fxe4 Bxe4 24.Re2 f5  1/2-1/2

[Event "Rubinstein mem"]
[Site "Polanica Zdroj"]
[Date "1978.??.??"]
[Round "15"]
[White "Schmidt, Wlodzimierz"]
[Black "Andersson, Ulf"]
[Result "1/2-1/2"]
[WhiteElo "2505"]
[BlackElo "2545"]

1.e4 c5 2.Nf3 e6 3.d4 cxd4 4.Nxd4 a6 5.c4 Nf6 6.Nc3 Qc7 7.a3 b6 8.Bd3 Bb7
9.O-O Bc5 10.Nb3 Be7 11.f4 d6 12.Qe2 Nbd7 13.Be3 O-O 14.Rac1 Rfe8 15.Nd2 Rac8
16.b4 Qb8 17.g4 g6 18.g5 Nh5 19.Qf2 Bd8 20.h4 Ba8  1/2-1/2

[Event "Titovo Uzice"]
[Site "Titovo Uzice"]
[Date "1978.??.??"]
[Round "?"]
[White "Andersson, Ulf"]
[Black "Bagirov, Vladimir"]
[Result "1/2-1/2"]
[WhiteElo "2545"]
[BlackElo "2495"]

1.c4 e6 2.Nf3 d5 3.d4 Nf6 4.Nc3 c6 5.cxd5 exd5 6.Qc2 g6 7.Bg5 Be7 8.e3 Bf5
9.Bd3 Bxd3 10.Qxd3 a5 11.e4 dxe4 12.Nxe4 O-O 13.Ne5 h6 14.Bxf6 Bxf6 15.Nxf6+ Qxf6
16.O-O a4 17.Rfe1 Ra5 18.Qd2 Rd5 19.Re4 h5 20.Rae1 c5 21.Qe3 cxd4 22.Rxd4 Rxe5  1/2-1/2

[Event "Hoogovens"]
[Site "Wijk aan Zee"]
[Date "1978.??.??"]
[Round "?"]
[White "Andersson, Ulf"]
[Black "Sosonko, Gennadi"]
[Result "1/2-1/2"]
[WhiteElo "2545"]
[BlackElo "2575"]

1.c4 Nf6 2.Nf3 e6 3.b3 d5 4.Bb2 Be7 5.e3 O-O 6.Be2 dxc4 7.Bxc4 c5 8.O-O Nc6
9.d4 cxd4 10.Nxd4 Nxd4 11.Bxd4 Bd7 12.Nd2 Bc6 13.Qe2 Qa5 14.a3 Rfd8 15.b4 Qg5
16.f4 Qg4 17.Rac1  1/2-1/2

[Event "Hoogovens"]
[Site "Wijk aan Zee"]
[Date "1978.??.??"]
[Round "?"]
[White "Andersson, Ulf"]
[Black "Panno, Oscar"]
[Result "1/2-1/2"]
[WhiteElo "2545"]
[BlackElo "2580"]

1.Nf3 Nf6 2.g3 g6 3.b3 Bg7 4.Bb2 b6 5.Bg2 Bb7 6.c4 c5 7.O-O O-O 8.Nc3 Na6
9.Rc1 e6 10.d4 Qe7 11.e3 Rfd8 12.Qe2 Ne4 13.Nxe4 Bxe4 14.Rfd1 d6  1/2-1/2

[Event "Hoogovens"]
[Site "Wijk aan Zee"]
[Date "1978.??.??"]
[Round "?"]
[White "Andersson, Ulf"]
[Black "Kavalek, Lubomir"]
[Result "1-0"]
[WhiteElo "2545"]
[BlackElo "2570"]

1.Nf3 Nf6 2.g3 b6 3.Bg2 Bb7 4.O-O c5 5.c4 e6 6.b3 Be7 7.Nc3 d5 8.cxd5 Nxd5
9.Nxd5 Qxd5 10.Bb2 O-O 11.Rc1 Na6 12.Rc4 Rad8 13.Qb1 f6 14.d4 b5 15.Rcc1 Qh5
16.Rfd1 Qe8 17.Ng5 fxg5 18.Bxb7 Nb4 19.a3 Nd5 20.dxc5 Qf7 21.Bd4 Bf6 22.Bxf6 Qxf6
23.Rf1 Qe5 24.Qc2 Rf7 25.Bxd5 exd5 26.Qd3 d4 27.Qxb5 h5 28.a4 Rb8 29.Qc4 h4
30.Rcd1 Rd8 31.e3 h3 32.Rxd4 Rf8 33.Qd5 Qf6 34.c6 Qg6  1-0

[Event "Hoogovens"]
[Site "Wijk aan Zee"]
[Date "1978.??.??"]
[Round "?"]
[White "Ree, Hans"]
[Black "Andersson, Ulf"]
[Result "1/2-1/2"]
[WhiteElo "2500"]
[BlackElo "2545"]

1.d4 Nf6 2.c4 g6 3.Nc3 Bg7 4.e4 d6 5.f3 O-O 6.Be3 Nbd7 7.Qd2 c5 8.Nge2 Qa5
9.Nc1 cxd4 10.Bxd4 a6 11.Nb3 Qd8 12.Be2 b6 13.O-O Re8 14.Rfd1 Bf8 15.Nd5 Nh5
16.Be3 e6 17.Nc3 Qc7 18.Rac1 Bb7 19.Qe1 Rac8 20.Qf2 Ba8 21.Rd2 Qb8 22.Rcd1 Ng7
23.f4 Red8 24.Qh4 Qc7 25.Nd4 Re8 26.Nf3 Be7 27.Ng5 Nf8 28.Qf2 Rb8 29.Bd3 f6
30.Nf3 f5  1/2-1/2

[Event "Hoogovens"]
[Site "Wijk aan Zee"]
[Date "1978.??.??"]
[Round "?"]
[White "Andersson, Ulf"]
[Black "Van der Sterren, Paul"]
[Result "1-0"]
[WhiteElo "2545"]
[BlackElo "2400"]

1.Nf3 Nf6 2.c4 g6 3.g3 Bg7 4.Bg2 O-O 5.O-O d6 6.Nc3 e5 7.d3 Re8 8.Rb1 Nbd7
9.Nd2 a5 10.a3 c6 11.b4 axb4 12.axb4 Nf8 13.Nde4 Nxe4 14.Bxe4 Be6 15.Qb3 Qd7
16.b5 Rad8 17.Bh1 d5 18.Ba3 e4 19.cxd5 cxd5 20.Na4 Bh3 21.Rfe1 Qf5 22.dxe4 dxe4
23.Rbd1 Ne6 24.Bb2 Bd4 25.Bxd4 Rxd4 26.Nc3 e3 27.fxe3 Nc5 28.Qa3 Rxd1 29.Nxd1 Qg5
30.Bf3 h5 31.Qb4 Rxe3 32.Qd2 Re5 33.Qxg5 Rxg5 34.Nc3 Re5 35.Kf2 Bf5 36.Rd1 Kg7
37.Rd6 Re7 38.Rd5 b6 39.Rd8 Ne4+ 40.Bxe4 Bxe4 41.Rd6 Bh1 42.Rxb6 Rc7 43.Nd1 h4
44.Rb8 Rc1 45.Ke1 Rb1 46.Kd2 Rb4 47.b6 hxg3 48.hxg3 Bc6 49.Nf2 Kf6 50.Nd3 Rb5
51.Kc3 Ke7 52.Kc4 Kd6 53.Nb4 Rc5+ 54.Kd4 Rb5 55.Kc4 Rc5+ 56.Kd4 Rb5 57.Nd3 Rb1
58.Kc3 Rb5 59.g4 g5 60.Kc4 Rb1 61.Rd8+ Ke7 62.Rd4 Bd7 63.Nb4 Rc1+ 64.Kd3 Rc8
65.Nd5+ Ke6 66.Nc7+ Ke7 67.Kc4 Bc6 68.Kc5 Bb7 69.Ra4 Kd7 70.Rd4+ Ke7 71.Kb5 Rd8
72.Rxd8 Kxd8 73.Na6 Bg2 74.Nc5  1-0

[Event "Hoogovens"]
[Site "Wijk aan Zee"]
[Date "1978.??.??"]
[Round "?"]
[White "Mecking, Henrique"]
[Black "Andersson, Ulf"]
[Result "0-1"]
[WhiteElo "2630"]
[BlackElo "2545"]

1.e4 e6 2.d4 d5 3.Nc3 Bb4 4.e5 b6 5.Nf3 Qd7 6.Bd2 Ba6 7.Bxa6 Nxa6 8.Ne2 Bf8
9.O-O c5 10.c3 Ne7 11.Nf4 Nb8 12.Rc1 c4 13.b3 Nbc6 14.Nh5 h6 15.Be3 Na5 16.Nd2 O-O-O
17.g4 g6 18.Ng3 Kb8 19.Qe2 Rc8 20.f4 h5 21.b4 Nac6 22.gxh5 gxh5 23.Nxh5 Nf5
24.Ng3 Nce7 25.Nf3 Bh6 26.Kf2 Rh7 27.Rg1 Rch8 28.Nh5 Bg7 29.Nxg7 Nxg7 30.Rg4 Ngf5
31.Rcg1 Qa4 32.Bc1 Rh3 33.Kg2 Ng6 34.Qf2 Kb7 35.Qe2 R8h6 36.Rf1 Qe8 37.Rg1 Qh8
38.Kf2 Ngh4 39.Nxh4 R6xh4 40.Bd2 Rxh2+ 41.R1g2 R4h3 42.Qf1 Rxg2+ 43.Rxg2 Qh4+
44.Ke2 Ng3+  0-1

[Event "Hoogovens"]
[Site "Wijk aan Zee"]
[Date "1978.??.??"]
[Round "?"]
[White "Kortschnoj, Viktor"]
[Black "Andersson, Ulf"]
[Result "1/2-1/2"]
[WhiteElo "2665"]
[BlackElo "2545"]

1.c4 e6 2.Nc3 Nf6 3.Nf3 c5 4.g3 b6 5.Bg2 Bb7 6.O-O Be7 7.d4 cxd4 8.Qxd4 O-O
9.e4 d6 10.Rd1 a6 11.Qe3 Qc7 12.b3 Nc6 13.Bb2 Nd7 14.Rac1 Qb8 15.Rd2 Rc8
16.Rcd1 Ra7 17.Bf1 Nc5 18.Ba3 Nd8 19.Be2 Bc6 20.e5 dxe5 21.Nxe5 Be8 22.b4 Na4
23.Nd7 Bxd7 24.Rxd7 Nxc3 25.Qxc3 Nc6 26.Rxa7 Qxa7 27.b5 Bf6 28.Qe3 axb5 29.cxb5 Nd4
30.Bd3 g6 31.Bb2 Nf3+ 32.Qxf3 Bxb2 33.Bf1 Ba3 34.Rd3 Bc5 35.Qe2 Qe7 36.Bg2 Rd8
37.Rxd8+ Qxd8 38.Be4 Qd4 39.Kg2 Kg7 40.Bc2 h5 41.h4 e5 42.Qf3 f5 43.Bb3 e4
44.Qf4  1/2-1/2

[Event "IBM"]
[Site "Amsterdam"]
[Date "1979.??.??"]
[Round "1"]
[White "Smejkal, Jan"]
[Black "Andersson, Ulf"]
[Result "1/2-1/2"]
[WhiteElo "2560"]
[BlackElo "2560"]

1.c4 c5 2.Nf3 e6 3.Nc3 Nf6 4.g3 b6 5.e4 Bb7 6.d3 Be7 7.Bg2 O-O 8.O-O d6 9.b3 a6
10.Bb2 Re8 11.Qe2 Nc6 12.Rfd1 Nd4 13.Nxd4 cxd4 14.Nb1 e5 15.Nd2 b5 16.b4 Nd7
17.Nb3 bxc4 18.dxc4 Qb6 19.Ba3 Bc6 20.Na5 Ba4 21.Rdc1 Qa7 22.Bh3 Bg5 23.Rcb1 Bd8
24.Nb3 Bb6 25.Rc1 Nf6 26.c5 Bc7 27.Nd2 Bb5 28.Qf3 dxc5 29.bxc5 Ba5 30.Nc4 Bc3
31.Rxc3 dxc3 32.Nd6 c2 33.Qb3 Red8 34.Qxc2 Bc6 35.Re1 Rab8 36.Qc3 Rxd6 37.cxd6 Nxe4
38.Qe3 Qxe3 39.fxe3 Ng5 40.Bg2 Nf3+ 41.Bxf3 Bxf3 42.h3 Bd5 43.Rc1 h5 44.Rc5 Bxa2
45.Rxe5 Be6 46.Rxh5 Rb3 47.Ra5 Rxe3 48.Kf2  1/2-1/2

[Event "IBM"]
[Site "Amsterdam"]
[Date "1979.??.??"]
[Round "3"]
[White "Sax, Gyula"]
[Black "Andersson, Ulf"]
[Result "1/2-1/2"]
[WhiteElo "2590"]
[BlackElo "2560"]

1.e4 c6 2.d4 d5 3.Nd2 dxe4 4.Nxe4 Nf6 5.Nxf6+ exf6 6.c3 Bd6 7.Bd3 Qc7 8.Qf3 O-O
9.Ne2 Re8 10.h4 Nd7 11.g4 Nf8 12.g5 fxg5 13.Bxg5  1/2-1/2

[Event "IBM"]
[Site "Amsterdam"]
[Date "1979.??.??"]
[Round "5"]
[White "Ligterink, Gert"]
[Black "Andersson, Ulf"]
[Result "1/2-1/2"]
[WhiteElo "2440"]
[BlackElo "2560"]

1.e4 c5 2.Nf3 d6 3.d4 cxd4 4.Nxd4 Nf6 5.Nc3 e6 6.f4 Nc6 7.Be3 e5 8.Nf3 Be7
9.Qd2 Ng4 10.O-O-O Nxe3 11.Qxe3 exf4 12.Qxf4 Be6 13.Nd5 Bxd5 14.exd5 Ne5
15.Bb5+ Kf8 16.Rhf1 Nxf3 17.Qxf3 Bf6 18.Rde1 Qb6 19.Qe2 Be5 20.c3 g6 21.Qf3 f5
22.Bd7 Kg7 23.g4 Qd8 24.Be6 Qg5+ 25.Kc2 fxg4 26.Bxg4 Rhf8 27.Qe2 Rf4 28.Rxf4 Qxf4
29.h3 Rf8 30.Qb5 h5 31.Be6 Kh6 32.Kb3 Qf2 33.Re2 Qf1 34.Qd3 Rf3 35.Qd2+ Bf4
36.Qd4 Be5 37.Qd2+ Rf4 38.a3 Kg7 39.Qc2 Qg1 40.Rg2 Qb6+ 41.Ka2 Rf6 42.Bf5 Qb5
43.Bxg6 Qc4+ 44.b3 Qxc3 45.Bxh5+ Kh6 46.Qxc3 Bxc3 47.Bg4 Bd4 48.b4 Rf2+ 49.Rxf2 Bxf2
50.Kb3 Be3 51.Kc4 Bc1 52.a4 b6  1/2-1/2

[Event "IBM"]
[Site "Amsterdam"]
[Date "1979.??.??"]
[Round "7"]
[White "Stean, Michael"]
[Black "Andersson, Ulf"]
[Result "1/2-1/2"]
[WhiteElo "2540"]
[BlackElo "2560"]

1.c4 Nf6 2.Nc3 c5 3.g3 e6 4.Nf3 b6 5.Bg2 Bb7 6.d4 cxd4 7.Qxd4 Nc6 8.Qf4 Bb4
9.Bd2 O-O 10.O-O Be7 11.Rfd1 a6 12.e4 d6 13.Qe3 Ra7 14.Qe2 Qb8 15.Be3 Ba8
16.Nd2 Rc8 17.Rab1 Nd7 18.b4 Rb7 19.f4 Na7 20.Rdc1 Rbc7 21.Qd3 h6 22.Ne2 Nf6  1/2-1/2

[Event "IBM"]
[Site "Amsterdam"]
[Date "1979.??.??"]
[Round "8"]
[White "Ree, Hans"]
[Black "Andersson, Ulf"]
[Result "0-1"]
[WhiteElo "2480"]
[BlackElo "2560"]

1.d4 Nf6 2.c4 e6 3.Nc3 Bb4 4.Qc2 b6 5.e4 c5 6.e5 cxd4 7.a3 Bf8 8.Nb5 Ng8
9.Nxd4 Bb7 10.Ngf3 a6 11.Be2 Ne7 12.Bf4 Qc7 13.Bg3 Nbc6 14.O-O Rc8 15.Rac1 Nxd4
16.Nxd4 Ng6 17.f4 Be7 18.Nf3 O-O 19.f5 exf5 20.Qxf5 d6 21.exd6 Bxd6 22.Bxd6 Qxd6
23.Rcd1 Qf4 24.Nd2 Qc7 25.Nf3 Nf4 26.Bd3 g6 27.Qf6 Nxd3 28.Rxd3 Qxc4 29.Ne5 Qe4
30.Rdf3 Qd4+ 31.R3f2 Rc7 32.h4 Re8 33.Nxf7 Qxf6 34.Rxf6 Re2 35.Nh6+ Kg7 36.Rf7+ Rxf7
37.Rxf7+ Kxh6 38.Rxb7 Rxb2 39.g4 Rb3 40.g5+ Kh5 41.Rxh7+ Kg4 42.a4 Rb4 43.Rg7 Kxh4
44.Rxg6 a5 45.Kf2 Kh5 46.Rc6 Kxg5 47.Ke3 Kf5 48.Kd3 Ke5 49.Rc3 Rd4+  0-1

[Event "IBM"]
[Site "Amsterdam"]
[Date "1979.??.??"]
[Round "9"]
[White "Andersson, Ulf"]
[Black "Sahovic, Dragutin"]
[Result "1/2-1/2"]
[WhiteElo "2560"]
[BlackElo "2520"]

1.c4 e5 2.Nc3 Nc6 3.g3 g6 4.Bg2 Bg7 5.e3 d6 6.Nge2 Nh6 7.b3 O-O 8.Bb2 f5
9.Nd5 Ne7 10.f4 c6 11.Ndc3 Be6 12.O-O Nf7 13.Rb1 Rb8 14.d4 Bd7 15.Qd2 e4
16.d5 c5 17.g4 Nc8 18.gxf5 gxf5 19.Ng3 Qh4 20.Rf2 Ne7 21.Bf1 Ng6 22.Be2 Nh6
23.Kh1 Ng4 24.Bxg4 Qxg4 25.Rg1 Qh4 26.Nb1 Bxb2 27.Qxb2 b5 28.Nd2 b4 29.a4 Kf7
30.Qa1 Ke7 31.Qd1 Rf7 32.Rfg2 Qf6 33.Nh5 Qc3 34.Qe1 Kd8  1/2-1/2

[Event "IBM"]
[Site "Amsterdam"]
[Date "1979.??.??"]
[Round "10"]
[White "Torre, Eugenio"]
[Black "Andersson, Ulf"]
[Result "1/2-1/2"]
[WhiteElo "2520"]
[BlackElo "2560"]

1.e4 c5 2.Nf3 d6 3.d4 cxd4 4.Nxd4 Nf6 5.Nc3 e6 6.Be2 Be7 7.O-O O-O 8.f4 Nc6
9.Be3 Qc7 10.Kh1 Nxd4 11.Qxd4 a6 12.a4 e5 13.Qd3 exf4 14.Bxf4 Be6 15.Qg3 Rfd8
16.Rad1 Ne8 17.e5 dxe5  1/2-1/2

[Event "IBM"]
[Site "Amsterdam"]
[Date "1979.??.??"]
[Round "11"]
[White "Andersson, Ulf"]
[Black "Sosonko, Gennadi"]
[Result "1/2-1/2"]
[WhiteElo "2560"]
[BlackElo "2535"]

1.c4 c5 2.Nf3 Nc6 3.b3 Nf6 4.Bb2 e6 5.e3 Be7 6.Be2 O-O 7.d4 cxd4 8.Nxd4 Qa5+
9.Qd2 Qxd2+ 10.Nxd2 Nxd4 11.Bxd4 b6 12.Bf3 Rb8 13.O-O-O Rd8 14.Kb2 Ba6 15.e4 Bb7
16.e5 Ne8 17.Bxb7 Rxb7 18.Ne4 d5 19.exd6 Nxd6 20.Nxd6 Rxd6  1/2-1/2

[Event "IBM"]
[Site "Amsterdam"]
[Date "1979.??.??"]
[Round "12"]
[White "Byrne, Robert E"]
[Black "Andersson, Ulf"]
[Result "0-1"]
[WhiteElo "2535"]
[BlackElo "2560"]

1.e4 c5 2.Nf3 e6 3.d4 cxd4 4.Nxd4 a6 5.Bd3 g6 6.b3 d6 7.O-O Bg7 8.Bb2 Nf6
9.c4 O-O 10.Nc3 Nbd7 11.Re1 Re8 12.Bf1 b6 13.Qd2 Bb7 14.Rad1 Qc7 15.f3 Rad8
16.Qf2 Ne5 17.Rc1 d5 18.exd5 Nfg4 19.Qg3 Nxf3+ 20.gxf3 Bxd4+ 21.Kh1 Qxg3
22.hxg3 Ne3 23.Bd3 exd5 24.cxd5 Nxd5 25.Rxe8+ Rxe8 26.Be4 Bxc3 27.Bxc3 Nxc3
28.Bxb7 Nxa2 29.Rc6 a5 30.Rxb6 Rb8 31.Kg2 Kf8 32.Rb5 Nb4 33.Kf2 Ke7 34.Ke3 Kd6
35.Kd4 Kc7 36.Rxb4 axb4 37.Bd5 Kd6 38.Bxf7 Rf8 39.Bd5 Rf5 40.Be4 Rg5 41.g4 h5  0-1

[Event "Banja Luka"]
[Site "Banja Luka"]
[Date "1979.??.??"]
[Round "?"]
[White "Andersson, Ulf"]
[Black "Marjanovic, Slavoljub"]
[Result "1/2-1/2"]
[WhiteElo "2560"]
[BlackElo "2505"]

1.c4 e6 2.d4 d5 3.Nf3 c5 4.cxd5 exd5 5.g3 Nc6 6.Bg2 Nf6 7.O-O Be7 8.Nc3 O-O
9.Bg5 cxd4 10.Nxd4 h6 11.Be3 Bg4 12.Nb3 Be6 13.Rc1 Qd7 14.Bc5 Rfd8 15.Bxe7 Qxe7
16.Nd4 Rac8 17.e3 Ne5 18.Nce2 Bg4 19.Rxc8 Rxc8 20.h3 Bxe2 21.Nxe2 Qb4 22.b3 Qa5  1/2-1/2